|
|
|
|
| LEADER |
00000nam0a2200000 4500 |
| 001 |
300164 |
| 005 |
20231102001256.0 |
| 020 |
|
|
|a RU
|b 82-92461
|
| 035 |
|
|
|a (RuTPU)RU\TPU\book\325317
|
| 090 |
|
|
|a 300164
|
| 100 |
|
|
|a 20150707d1982 k y0rusy5003 ca
|
| 101 |
0 |
|
|a rus
|
| 102 |
|
|
|a RU
|
| 105 |
|
|
|a a z 001zy
|
| 200 |
1 |
|
|a Очистка природных и сточных вод
|e межвузовский сборник
|f Казанский химико-технологический институт им. С. М. Кирова (КХТИ) ; под ред. В. А. Бахарева
|
| 210 |
|
|
|a Казань
|c Изд-во КазИСИ
|d 1982
|
| 215 |
|
|
|a 45 с.
|c ил.
|
| 320 |
|
|
|a Библиография в конце статей
|
| 606 |
|
|
|a Сточные воды
|x Очистка в целом
|2 stltpush
|3 (RuTPU)RU\TPU\subj\57136
|9 75000
|
| 610 |
1 |
|
|a жидкость
|
| 610 |
1 |
|
|a движение
|
| 610 |
1 |
|
|a нефтепродукты
|
| 610 |
1 |
|
|a фильтрация
|
| 610 |
1 |
|
|a применение
|
| 610 |
1 |
|
|a электрохимический метод
|
| 610 |
1 |
|
|a осадок
|
| 610 |
1 |
|
|a железо
|
| 610 |
1 |
|
|a исследование
|
| 675 |
|
|
|a 628.31
|v 3
|
| 702 |
|
1 |
|a Бахарев
|b В. А.
|g Виктор Александрович
|4 340
|
| 712 |
0 |
2 |
|a Казанский химико-технологический институт им. С. М. Кирова (КХТИ)
|c (1935-1992)
|2 stltpush
|3 (RuTPU)RU\TPU\col\3704
|
| 801 |
|
0 |
|a RU
|b RuMRKP
|c 19950704
|g psbo
|
| 801 |
|
1 |
|a RU
|b 63413507
|c 20150707
|
| 801 |
|
2 |
|a RU
|b 63413507
|c 20190206
|g RCR
|
| 942 |
|
|
|c BK
|